Wiener U-Bahn mit Netzplan - Statistiken

Allgemein
  • Dieses Quiz wurde 738 mal gespielt
  • Das Durchschnittsergebnis liegt bei 60 aus 109
Antworten auf der Karte
Die Antworten werden auf der Karte rot bzw. grün angezeigt, abhängig davon wie oft sie richtig erraten wurden.
 
Antwortstatistiken
Station % Korrekt
Karlsplatz
88%
Stephansplatz
86%
Hütteldorf
84%
Ottakring
84%
Simmering
82%
Westbahnhof
82%
Floridsdorf
81%
Praterstern
80%
Oberlaa
77%
Schwedenplatz
77%
Heiligenstadt
76%
Schottentor
76%
Südtiroler Platz - Hauptbahnhof
76%
Schottenring
75%
Seestadt
73%
Schönbrunn
72%
Volkstheater
72%
Landstraße
71%
Leopoldau
70%
Rathaus
69%
Siebenhirten
67%
Neubaugasse
65%
Donauinsel
64%
Reumannplatz
64%
Spittelau
64%
Kagran
63%
Taubstummengasse
62%
Längenfeldgasse
61%
Alte Donau
60%
Hietzing
60%
Ober St. Veit
60%
Stadtpark
60%
Herrengasse
59%
Kaisermühlen
59%
Unter St. Veit
59%
Zieglergasse
59%
Alterlaa
58%
Neue Donau
58%
Stadion
58%
Erdberg
57%
Museumsquartier
57%
Thaliastraße
57%
Handelskai
56%
Gasometer
55%
Pilgramgasse
55%
Johnstraße
53%
Kettenbrückengasse
53%
Messe-Prater
51%
Nestroyplatz
51%
Friedensbrücke
50%
Josefstädter Straße
50%
Kagraner Platz
50%
Krieau
49%
Nußdorfer Straße
49%
Bahnhof Meidling
48%
Gumpendorfer Straße
48%
Alser Straße
47%
Burggasse-Stadthalle
47%
Taborstraße
47%
Dresdner Straße
46%
Jägerstraße
46%
Keplerplatz
46%
Margaretengürtel
46%
Roßauer Lände
46%
Stubentor
46%
Altes Landgut
45%
Donaumarina
45%
Michelbeuern-AKH
45%
Vorgartenstraße
45%
Meidling Hauptstraße
44%
Kardinal-Nagl-Platz
43%
Neulaa
43%
Hütteldorfer Straße
42%
Schlachthausgasse
42%
Rochusgasse
41%
Braunschweiggasse
40%
Enkplatz
40%
Alaudagasse
38%
Am Schöpfwerk
37%
Währinger Straße-Volksoper
37%
Großfeldsiedlung
35%
Schweglerstraße
35%
Kendlerstraße
34%
Niederhofstraße
34%
Aspern Nord
33%
Stadlau
33%
Troststraße
33%
Perfektastraße
32%
Aspernstraße
31%
Donaustadtbrücke
31%
Rennbahnweg
31%
Zippererstraße
31%
Donauspital
29%
Erlaaer Straße
29%
Tscherttegasse
29%
Aderklaaer Straße
28%
Hausfeldstraße
24%
Hardeggasse
23%
Keine übereinstimmenden Quizze gefunden
Verteilung der Resultate
Anzahl Personen mit jedem Resultat
Perzentil nach korrekt beantworteten Fragen
Ihre Resultats-Entwicklung
Sie haben dieses Quiz noch nicht gespielt